000 00785nam a22002537a 4500
005 20170124105913.0
010 _aA-710107
020 _c00
_a8170340624
035 _aA-710107
037 _bCen Lib/Ret
040 _aDPL
_bEN
082 _a250
100 _aSasanananda, S.
_91066
245 _aHistory of budhism in assam:
_cby S. Sasanananda
_b(c.300 B. C. - 1200 A.D.) /
246 _b
260 _bBahri Publications
_c1986
_aNew Delhi
270 _a57, sant nagar
_bNew Delhi
300 _aviii, 264p.
_c20cm(Hb)
490 _aSeries in indian history, artand culture
_v3
500 _aincludes bibliographical references and index
650 _aHistory
_vArt & Culture
_zAssam
_91067
650 _aBuddhism
_91068
942 _2ddc
_cEN
_h250
_mSAS
999 _c122596
_d122596